000 01005nam a22002055i 4500
001 167094
003 ES-MaACL
005 20250824063728.0
008 990726s1842 sp |||| | spa d
040 _aCCPB | B
_bspa
_cCCPB | B
100 1 _aVega, Ventura de la,
_d1807-1865
_9113584
245 1 3 _aLa escuela de periodistas
_b: drama en cinco actos arreglada al teatro español /
_cpor Ventura de la Vega.
260 _aMadrid :
_b[Manuel Delgado],
_c1842 (
_fImprenta de Repullés)
300 _a77 p. ;
_c19 cm.
490 1 _aGalería dramática. Coleccion de las mejores obras del Teatro Moderno Estrangero ;
_v31
500 _aEdic.: En la port. constan las iniciales del ed., "M.D."
830 0 0 _aGalería dramática: colección de las mejores obras del teatro moderno estrangero
_v31
_9188549
852 _aES-MaACL
_jF-8606(5)
_z-- Enc. pasta española
_z-- Enc. en un vol. facticio formando parte de la col. facticia "Teatro español moderno", vol. 61
999 _c167094
_d167094